[Event "Santa Fe Rafaela U2200 op"]
[Site "Santa Fe"]
[Date "2019.05.04"]
[Round "2.7"]
[White "Canale, Juan Carlos"]
[Black "Jesse, Jose"]
[Result "0-1"]
[WhiteElo "1545"]
[BlackElo "1869"]
[PlyCount "90"]
[EventDate "2019.05.04"]
[EventType "swiss"]
[EventRounds "6"]
[EventCountry "ARG"]
[SourceTitle "EXT 2024"]
[Source "ChessBase"]
[SourceDate "2023.10.10"]
[SourceVersion "1"]
[SourceVersionDate "2023.10.10"]
[SourceQuality "1"]

1. d4 d5 2. Bf4 Nf6 3. e3 e6 4. h3 Bd6 5. Ne2 0-0 6. Nd2 c5 7. c3 b6 8. Bxd6 Qxd6 9. Ng3 cxd4 10. exd4 e5 11. dxe5 Qxe5+ 12. Be2 Nc6 13. Nf3 Qf4 14. 0-0 Bb7 15. Qd2 Qc7 16. Rfe1 Rad8 17. Nd4 Ne4 18. Nxe4 dxe4 19. Rac1 Nxd4 20. cxd4 Qd6 21. Red1 Rc8 22. Rc3 Rfd8 23. Rg3 Qf6 24. b3 Rd6 25. Bc4 Rcd8 26. Qg5 Qxg5 27. Rxg5 Rxd4 28. Rxd4 Rxd4 29. Re5 Kf8 30. Kf1 Rd6 31. g4 f6 32. Re6 Rxe6 33. Bxe6 Ke7 34. Bg8 h6 35. Ke2 Kd6 36. Kd2 Ke5 37. Ke3 h5 38. Bf7 hxg4 39. hxg4 a5 40. Bc4 Bc6 41. Bf7 Bd5 42. Bxd5 Kxd5 43. Kf4 g6 44. f3 exf3 45. Kxf3 Kd4 0-1

[Event "Santa Fe Anca op 3rd"]
[Site "Santa Fe"]
[Date "2019.03.23"]
[Round "4"]
[White "Canale, Juan Carlos"]
[Black "Vera, Hernan"]
[Result "1-0"]
[WhiteElo "1571"]
[BlackElo "1157"]
[PlyCount "81"]
[EventDate "2019.03.22"]
[EventType "swiss"]
[EventRounds "6"]
[EventCountry "ARG"]
[SourceTitle "CBM 190 Extra"]
[Source "ChessBase"]
[SourceDate "2019.07.15"]
[SourceVersion "1"]
[SourceVersionDate "2019.07.15"]
[SourceQuality "1"]

1. d4 Nf6 2. Bf4 e6 3. e3 Nc6 4. c3 d5 5. Nd2 Bd6 6. Bg3 Bxg3 7. hxg3 Qd6 8. Ngf3 0-0 9. Qc2 g6 10. Bd3 e5 11. dxe5 Nxe5 12. Nxe5 Qxe5 13. Nf3 Qd6 14. 0-0-0 c5 15. Rh4 c4 16. Bxc4 Bf5 17. Bd3 Bxd3 18. Rxd3 h5 19. Rhd4 Rfd8 20. Ng5 Kg7 21. a3 Rd7 22. Kb1 Kh6 23. Nh3 Re8 24. Qd1 Re4 25. Qf3 Rxd4 26. Rxd4 Ne4 27. Nf4 Nxc3+ 28. bxc3 Qxa3 29. Kc2 Rc7 30. Nxd5 Qa2+ 31. Kd3 Qb1+ 32. Ke2 Qb5+ 33. Ke1 Rc6 34. Qxf7 Ra6 35. Qf8+ Kh7 36. Nf6+ Rxf6 37. Qxf6 Qb1+ 38. Ke2 Qb2+ 39. Kf3 Qb5 40. Rd8 Qc6+ 41. Qxc6 1-0

[Event "Santa Fe Rafaela U2200 op"]
[Site "Santa Fe"]
[Date "2018.09.15"]
[Round "3.6"]
[White "Alzugaray, Julian"]
[Black "Canale, Juan Carlos"]
[Result "1-0"]
[WhiteElo "1708"]
[BlackElo "1639"]
[PlyCount "49"]
[EventDate "2018.09.14"]
[EventType "swiss"]
[EventRounds "7"]
[EventCountry "ARG"]
[SourceTitle "EXT 2024"]
[Source "ChessBase"]
[SourceDate "2023.10.10"]
[SourceVersion "1"]
[SourceVersionDate "2023.10.10"]
[SourceQuality "1"]

1. d4 d5 2. Bf4 c6 3. Nf3 Nf6 4. e3 h6 5. Nbd2 Bf5 6. c4 e6 7. Qb3 Qc8 8. Rc1 Nbd7 9. Be2 Be7 10. Ne5 0-0 11. Ndf3 Re8 12. 0-0 Nh5 13. Bxh6 Ndf6 14. Bg5 g6 15. Nh4 Ne4 16. Bxe7 Rxe7 17. Bxh5 gxh5 18. Qd1 Nf6 19. cxd5 Qf8 20. Nxf5 exf5 21. dxc6 bxc6 22. Qf3 Qg7 23. Qxf5 Kh8 24. Rxc6 Rg8 25. Qxf6 1-0

[Event "Santa Fe Nelson op"]
[Site "Santa Fe"]
[Date "2018.04.14"]
[Round "2"]
[White "Yori, Fernando"]
[Black "Canale, Juan Carlos"]
[Result "1-0"]
[WhiteElo "2185"]
[BlackElo "1655"]
[PlyCount "67"]
[EventDate "2018.04.14"]
[EventType "swiss"]
[EventRounds "6"]
[EventCountry "ARG"]
[SourceTitle "EXT 2019"]
[Source "ChessBase"]
[SourceDate "2018.10.10"]
[SourceVersion "1"]
[SourceVersionDate "2018.10.10"]
[SourceQuality "1"]

1. e4 e5 2. Nf3 Nc6 3. Bb5 a6 4. Ba4 Bc5 5. c3 h6 6. d4 exd4 7. cxd4 Ba7 8. Nc3 Nf6 9. e5 Nh7 10. 0-0 0-0 11. d5 Ne7 12. Qd3 d6 13. Bf4 Bf5 14. Qd2 Ng6 15. Rad1 b5 16. Bb3 Re8 17. exd6 cxd6 18. Nd4 Bxd4 19. Qxd4 Nxf4 20. Qxf4 Qf6 21. Rfe1 Rac8 22. a4 g5 23. Qb4 Rxe1+ 24. Rxe1 Rc5 25. axb5 axb5 26. Nxb5 Qxb2 27. Nxd6 Rc1 28. Nxf5 Qa1 29. Kf1 Qa6+ 30. Bc4 Qxc4+ 31. Qxc4 Rxc4 32. Re8+ Nf8 33. d6 Rd4 34. Nxd4 1-0

[Event "ARG-ch sf U2300 Villa Maria 2nd"]
[Site "Villa Maria"]
[Date "2017.04.23"]
[Round "4.3"]
[White "Canale, Juan Carlos"]
[Black "Yorio, Alfredo"]
[Result "1/2-1/2"]
[WhiteElo "1754"]
[BlackElo "1600"]
[PlyCount "136"]
[EventDate "2017.04.22"]
[EventType "swiss"]
[EventRounds "6"]
[EventCountry "ARG"]
[SourceTitle "EXT 2024"]
[Source "ChessBase"]
[SourceDate "2023.10.10"]
[SourceVersion "1"]
[SourceVersionDate "2023.10.10"]
[SourceQuality "1"]

1. d4 d5 2. Bf4 e6 3. e3 Nf6 4. Bd3 Be7 5. Nd2 Nbd7 6. Ngf3 c5 7. c3 Nh5 8. Bg3 a6 9. 0-0 0-0 10. Re1 Nxg3 11. hxg3 b6 12. e4 dxe4 13. Bxe4 Ra7 14. Qe2 Nf6 15. Bc2 Bb7 16. Rad1 cxd4 17. Nxd4 Bc5 18. N2f3 Qc7 19. Ne5 Rc8 20. Ng4 Nxg4 21. Qxg4 Bd5 22. a3 b5 23. Qh5 g6 24. Qe5 Bf8 25. Nf3 Bg7 26. Qe3 Qc5 27. Be4 Qxe3 28. Rxe3 Bxe4 29. Rxe4 Kf8 30. Kf1 Bf6 31. Ke2 Ke7 32. Re3 a5 33. Nd4 Rb7 34. Red3 b4 35. cxb4 axb4 36. Rb3 Rc4 37. Ke3 Rd7 38. Rbd3 Ke8 39. a4 b3 40. Nxb3 Rxd3+ 41. Rxd3 Rxa4 42. Nc5 Rb4 43. b3 Bd8 44. Ne4 Be7 45. g4 h6 46. f3 Rb5 47. Rc3 f5 48. gxf5 gxf5 49. Nd2 Bb4 50. Rd3 Bxd2+ 51. Kxd2 Ke7 52. Kc3 Rc5+ 53. Kb4 Rc2 54. g4 fxg4 55. fxg4 Rg2 56. Rd4 e5 57. Re4 Kd6 58. Kc4 Rf2 59. b4 Rf1 60. b5 Rc1+ 61. Kb4 Kd5 62. Re2 Rc4+ 63. Ka5 Rxg4 64. b6 Rg3 65. Ka6 Ra3+ 66. Kb7 Rb3 67. Rh2 e4 68. Rxh6 e3 1/2-1/2

[Event "ARG-ch sf U2300 Villa Maria 2nd"]
[Site "Villa Maria"]
[Date "2017.04.22"]
[Round "1.4"]
[White "Canale, Juan Carlos"]
[Black "Martinez, Francisco Guillermo"]
[Result "1/2-1/2"]
[WhiteElo "1754"]
[BlackElo "1428"]
[PlyCount "59"]
[EventDate "2017.04.22"]
[EventType "swiss"]
[EventRounds "6"]
[EventCountry "ARG"]
[SourceTitle "EXT 2024"]
[Source "ChessBase"]
[SourceDate "2023.10.10"]
[SourceVersion "1"]
[SourceVersionDate "2023.10.10"]
[SourceQuality "1"]

1. d4 d5 2. Bf4 Nf6 3. e3 e6 4. Bd3 c5 5. c3 Nc6 6. Nd2 Bd6 7. Bg3 0-0 8. Ngf3 b6 9. Ne5 Bb7 10. 0-0 Bc7 11. f4 Ne7 12. Bh4 Kh8 13. g4 Ne4 14. Qe2 f6 15. Nef3 Nc6 16. Bg3 f5 17. g5 c4 18. Bc2 b5 19. a3 a5 20. Bxe4 fxe4 21. Ne5 Ne7 22. Qh5 Bxe5 23. fxe5 g6 24. Rxf8+ Qxf8 25. Qg4 Nf5 26. Bf4 Qe7 27. Nf1 Bc8 28. Ng3 Bd7 29. Rf1 Kg8 30. h4 1/2-1/2